000
00338nam a2200121Ia 4500
003
GCL
008
140319s9999 xx 000 0 ara d
040
_a
GCL /
_c
GCL
082
0
4
_a
301.04
_b
ا م
245
1
0
_a
محنة الشاعر فى ازمنة المدن
260
_a
[S.N] :
_b
دار الساقى
490
_a
بحوث اجتماعية
_v
0
999
_c
54954
_d
54954